LIBRARY ONLINE CATALOGUE

Principles of marketing / (Record no. 1298)

MARC details
000 -LEADER
fixed length control field 00797cam a22002412 4500
001 - CONTROL NUMBER
control field 0000023360
005 - DATE AND TIME OF LATEST TRANSACTION
control field 20151021151144.0
008 - FIXED-LENGTH DATA ELEMENTS--GENERAL INFORMATION
fixed length control field 121115s xx 000 0 eng d
020 ## - INTERNATIONAL STANDARD BOOK NUMBER
International Standard Book Number 027375243X
040 ## - CATALOGING SOURCE
Original cataloging agency KABU
Transcribing agency KABU
100 1# - MAIN ENTRY--PERSONAL NAME
Personal name Kotler, Philip.
-- 0000097559
245 10 - TITLE STATEMENT
Title Principles of marketing /
Statement of responsibility, etc. Philip Kotler, Gary Armstrong.
250 ## - EDITION STATEMENT
Edition statement 14th ed.
260 ## - PUBLICATION, DISTRIBUTION, ETC. (IMPRINT)
Place of publication, distribution, etc. Boston :
Name of publisher, distributor, etc. Pearson,
Date of publication, distribution, etc. 2012.
300 ## - PHYSICAL DESCRIPTION
Extent 637 p.
650 #0 - SUBJECT ADDED ENTRY--TOPICAL TERM
Topical term or geographic name as entry element Marketing.
-- 0000151351
700 1# - ADDED ENTRY--PERSONAL NAME
Personal name Armstrong, Gary.
-- 0000097560
852 1# - LOCATION
-- p2,220 KES
852 1# - LOCATION
-- p2,220 KES
852 1# - LOCATION
-- p2,220 KES
908 ## - PUT COMMAND PARAMETER (RLIN)
Put command parameter 121115
950 ## - LOCAL HOLDINGS (RLIN)
-- 1
Holdings
Withdrawn status Lost status Source of classification or shelving scheme Not for loan Home library Current library Date acquired Total Checkouts Full call number Barcode Date last seen Date last checked out Price effective from Koha item type Total Renewals Copy number
    Library of Congress Classification   Kabarak, Main Campus Kabarak, Main Campus 21/10/2015 14 HF5415 .K68 2012 c.2 013957 08/04/2024 11/03/2024 21/10/2015 General Collection 4 c.2
    Library of Congress Classification   Kabarak, Main Campus Kabarak, Main Campus 21/10/2015 8 HF5415 .K68 2012 c.3 013960 30/07/2022 25/07/2022 21/10/2015 General Collection 1 c.3
    Library of Congress Classification   Kabarak, Main Campus Kabarak, Main Campus 17/12/2015 5 HF5415 .K68 2012 c.1 016836 14/03/2023 06/03/2023 17/12/2015 General Collection 1  
    Library of Congress Classification   Kabarak, Nakuru City Campus Kabarak, Nakuru City Campus 21/10/2015 3 HF5415 .K68 2012 c.1 014193 07/11/2019 06/11/2019 21/10/2015 General Collection    
    Library of Congress Classification   Kabarak, Nakuru City Campus Kabarak, Nakuru City Campus 21/10/2015 3 HF5415 .K68 2012 c.3 014168 19/04/2018 17/04/2018 21/10/2015 General Collection    
    Library of Congress Classification   Kabarak, Nakuru City Campus Kabarak, Nakuru City Campus 21/10/2015 4 HF5415 .K68 2012 c.2 014188 03/02/2020 23/01/2020 21/10/2015 General Collection